Exercices de version latine : avec corrigés systématiques (notice n° 2094913)
[ vue normale ]
| 000 -LEADER | |
|---|---|
| fixed length control field | 01074cam a2200145 4500500 |
| 005 - DATE AND TIME OF LATEST TRANSACTION | |
| control field | 20260405011442.0 |
| 041 ## - LANGUAGE CODE | |
| Language code of text/sound track or separate title | fre |
| 042 ## - AUTHENTICATION CODE | |
| Authentication code | dc |
| 100 10 - MAIN ENTRY--PERSONAL NAME | |
| Personal name | Chevallier, Claude-Alain |
| Relator term | author |
| 245 00 - TITLE STATEMENT | |
| Title | Exercices de version latine : avec corrigés systématiques |
| 260 ## - PUBLICATION, DISTRIBUTION, ETC. | |
| Name of publisher, distributor, etc. | Armand Colin,<br/> |
| Date of publication, distribution, etc. | 2011.<br/> |
| 520 ## - SUMMARY, ETC. | |
| Summary, etc. | Ce recueil permet de faire le point sur les connaissances acquises dans le secondaire. Les lecteurs trouveront, outre des conseils de méthode, deux types de traduction à la suite de chacune des versions : une traduction « mot à mot » pour maîtriser les mécanismes spécifiques de la phrase latine, et une traduction plus élaborée, sans oublier des questions de grammaire (morphologie, phonétique, syntaxe, versification). Cette nouvelle édition, augmentée de 30 versions supplémentaires, fait une part plus importante à la poésie et aux écrivains des premiers siècles. |
| 700 10 - ADDED ENTRY--PERSONAL NAME | |
| Personal name | Chevalier, Claude-Alain |
| Relator term | author |
| 856 41 - ELECTRONIC LOCATION AND ACCESS | |
| Uniform Resource Identifier | <a href="https://shs.cairn.info/exercices-de-version-latine--9782200270193?lang=fr&redirect-ssocas=7080">https://shs.cairn.info/exercices-de-version-latine--9782200270193?lang=fr&redirect-ssocas=7080</a> |
Pas d'exemplaire disponible.




Réseaux sociaux